00872nam a2200277 4500003000400000005001700004008004100021020001500062040001800077041000800095050001600103100002500119240004300144245008900187264003500276300003300311336002200344337002400366338002400390500004600414650002500460650003200485700004900517942001100566999001700577OSt20260601193526.0260420b2001 mx a|||| |||| 00| 0 spa d a9688873942 aICIbspacICI aspa aZ246bK5518 1aKing, Stacey,935821 1aMagazine design that works.lEspañol 1a Diseño de revistas :bpasos para conseguir el mejor diseño /cStacey King ; tr. bGustavo Gilic2001aMéxico : a160 páginasbilustraciones atexto2rdacontent asin medio2rdamedia avolumen2rdacarrier aTraduccion de: Magazine design that works aMaquetación935822 aDiseño de revistas935823 1aRosell i Miralles, Eugeni,etraductor935824 2lcccB c21199d21199